000 00451nam a2200157 a 4500
001 000036091
005 20200930074852.0
008 111207s1996 xxu 000 0 spa d
020 _a0887307647
040 _aDO-SdBNP
_bspa
_cBNPHU
082 _axxxx
_bR559f
100 1 _aRies, Al.
_962128
245 1 0 _aFocus :
_bthe future of your company depends on it /
_cAl Ries.
260 _aNew York :
_bHaper Business,
_c1996.
300 _axii, 304 p. ;
_c24 cm.
999 _c35582
_d35582